000 00465nam a22001457a 4500
003 MACL
005 20200717154152.0
008 200717b xxu||||| |||| 00| 0 eng d
040 _cMACL
100 _aराममूति,
_979075
245 _aशिक्षा मनोविज्ञान
260 _aदिल्‍ली
_bसंस्‍कृति साहित्‍य
_c2018
650 _aमनोविज्ञान
_979076
942 _2ddc
_cHIN
999 _c62708
_d62708